Click Chain #2 - Statistics

General Stats
  • This quiz has been taken 66,048 times
  • The average score is 20 of 30
Answer Stats
Hint Answer % Correct
… whose nephew was: Franz Ferdinand
94%
… which ended in: 1918
92%
… whose death precipitated: World War I
89%
The longest reigning Austro-Hungarian emperor was: Emperor Franz Joseph
88%
… which joined Canada in: 1949
77%
… which was the start of the: Spanish Flu
77%
… which was directed by: James Cameron
75%
… which had a system of segregation called: Apartheid
73%
… which was dismantled under the leadership of: Mandela
73%
… which sank off the coast of: Newfoundland
70%
… which is the northern neighbour of: South Africa
69%
… which starts with the same letter as: Zimbabwe
69%
… which are a type of: Antelope
65%
… which was once known as: Zaire
65%
… who also made: Titanic
63%
… whose biggest fight was: The Rumble in the Jungle
61%
… which describes the government of the House of: Habsburg
60%
… which is the birth year of: George Foreman
59%
… which is a slang term someone might use to refer to a few: Pounds
59%
… which infected but did not kill: Walt Disney
57%
… which took place in the city of: Kinshasa
56%
… who in 1995 cheered on the: Springboks
56%
… which made less in theatres than: Avatar
54%
… which is a unit of measurement in: Imperial
53%
… which lies within the: Ring of Fire
52%
… whose company produced: Avengers: Endgame
51%
… which is the capital of: The Congo (DRC)
51%
… of which, the longest of the continental variety is the: Andes
49%
… which was a top-20 hit for: Cash
48%
… who play with deer back home on the: Range
47%
No matching quizzes found
Score Distribution
Percent of People with Each Score
Percentile by Number Answered
Your Score History
You have not taken this quiz